Southville International School and Colleges
Your cart is empty.
  • Cart
  • Lists
    Public lists Eva Luna New books Lux_list list_1
    Your lists Log in to create your own lists
  • Log in to your account
  • Your cookies
  • Search history
Southville International School and Colleges
  • Advanced search
  • Recent comments
  • Most popular
  • Libraries

Log in to your account

Log in with GOOGLE


If you do not have an external account, but do have a local account, you can still log in:

  1. Home
  2. MARC view: Comic books 101 :
Normal view MARC view ISBD view

Comic books 101 : (Record no. 339715)

[ view plain ]
MARC details
000 -LEADER
fixed length control field 00752nam a2200289Ia 4500
008 - FIXED-LENGTH DATA ELEMENTS--GENERAL INFORMATION
fixed length control field 170711s9999 xx 000 0 und d
020 ## - INTERNATIONAL STANDARD BOOK NUMBER
International Standard Book Number 9781600611872
050 ## - LIBRARY OF CONGRESS CALL NUMBER
Classification number 741.59
050 ## - LIBRARY OF CONGRESS CALL NUMBER
Item number R988 2009
100 ## - MAIN ENTRY--PERSONAL NAME
Personal name Ryall, Chris
245 ## - TITLE STATEMENT
Title Comic books 101 :
245 ## - TITLE STATEMENT
Remainder of title the history, methods and madness /
245 ## - TITLE STATEMENT
Statement of responsibility, etc by Chris Ryall and Scott Tipton.
250 ## - EDITION STATEMENT
Edition statement First edition
260 ## - PUBLICATION, DISTRIBUTION, ETC. (IMPRINT)
Place of publication, distribution, etc Ohio :
260 ## - PUBLICATION, DISTRIBUTION, ETC. (IMPRINT)
Name of publisher, distributor, etc Impact,
260 ## - PUBLICATION, DISTRIBUTION, ETC. (IMPRINT)
Date of publication, distribution, etc 2009
300 ## - PHYSICAL DESCRIPTION
Extent 287 pages :
300 ## - PHYSICAL DESCRIPTION
Other physical details colored illustrations ;
300 ## - PHYSICAL DESCRIPTION
Dimensions 20cm.
500 ## - GENERAL NOTE
General note Includes index.
650 ## - SUBJECT ADDED ENTRY--TOPICAL TERM
Topical term or geographic name as entry element Comic books, strips, etc --
650 ## - SUBJECT ADDED ENTRY--TOPICAL TERM
Topical term or geographic name as entry element Comic books, strips, etc.
650 ## - SUBJECT ADDED ENTRY--TOPICAL TERM
General subdivision History and crtiticism.
700 ## - ADDED ENTRY--PERSONAL NAME
Personal name Tipton, Scott.
700 ## - ADDED ENTRY--PERSONAL NAME
Personal name Title.

No items available.

Comic books 101 :

APA

Ryall C., Tipton S. & Title.Comic books 101. Ohio: .

Chicago

Ryall Chris, Tipton Scott and Title.Comic books 101. Ohio: .

Harvard

Ryall C., Tipton S. and Title.Comic books 101. Ohio: .

MLA

Ryall Chris, Tipton Scott and Title.Ohio: . .

  • Print
  • Cite
  • Add to your cart (remove)
  • Save record
    BIBTEX Dublin Core MARCXML MARC (non-Unicode/MARC-8) MARC (Unicode/UTF-8) MARC (Unicode/UTF-8, Standard) MODS (XML) RIS
  • More searches
    Search for this title in:
    Other Libraries (WorldCat) Other Databases (Google Scholar) Online Stores (Bookfinder.com) Open Library (openlibrary.org)

Exporting to Dublin Core...

SOUTHVILLE LIBRARY

Southville International School and Colleges Library

1281 Tropical Ave. Cor. Luxembourg St., BF Homes International, Las Pinas City

Tel. No. 8256374 / 252358 Loc. 117/146

Powered by Koha